| 000 | 01273cam a22002771i 4500 | ||
|---|---|---|---|
| 003 | SA_RiAUC | ||
| 005 | 20240919151416.0 | ||
| 008 | 240918s1981____su g 000 0 ara c | ||
| 040 |
_aSA-RiKAPL _bara _cSA-RiAUC _erda |
||
| 082 | 0 | 4 |
_a258.3 _qSA-RiAUC |
| 090 |
_a258.3 _bت ن ك |
||
| 100 | 1 |
_aتنكل، عثمان بن محمد سعيد، _dولد 1320 هجري _eمؤلف. |
|
| 245 | 1 | 0 |
_aسلم الرجا للوصول إلى حل ألفاظ سفينة النجا / _cعثمان بن محمد سعيد تنكل. وبهامشه متن سفينة النجا / سالم بن سمير الحضرمي. |
| 250 | _aالطبعة الثانية. | ||
| 264 | 1 |
_aجدة، السعودية : _b[الناشر غير محدد]، _c[1981] |
|
| 264 | 3 |
_a[مكان الطبع غير محدد] : _bمطابع كدسة التجارية |
|
| 300 |
_a68 صفحة ؛ _c30 سم |
||
| 336 |
_aنص _btxt _2rdacontent _3كتاب |
||
| 337 |
_aبدون وسيط _bn _2rdamedia |
||
| 338 |
_aمجلد _bnc _2rdacarrier |
||
| 650 | 7 |
_aالفقه الشافعي _2aucsh |
|
| 700 | 1 | 2 |
_aالحضرمي، سالم بن سمير، _dتوفي 1262 هجري _tمتن سفينة النجا. |
| 740 | 0 | 2 | _aمتن سفينة النجا |
| 942 |
_2ddc _cBOOK |
||
| 949 |
_aSA-JeALM _d240918 _umohamedma123 _n1 |
||
| 999 |
_c433 _d433 |
||